LEADER 01951nam 2200637Ia 450 001 9910780337903321 005 20230207223239.0 010 $a1-281-32552-X 010 $a9786611325527 010 $a1-84642-313-9 010 $a1-4175-0287-8 035 $a(CKB)111087028274280 035 $a(SSID)ssj0000099517 035 $a(PQKBManifestationID)11113916 035 $a(PQKBTitleCode)TC0000099517 035 $a(PQKBWorkID)10009948 035 $a(PQKB)10459760 035 $a(MiAaPQ)EBC3015891 035 $a(Au-PeEL)EBL3015891 035 $a(CaPaEBR)ebr10064393 035 $a(CaONFJC)MIL132552 035 $a(OCoLC)923646496 035 $a(EXLCZ)99111087028274280 100 $a20011119d2002 uy 0 101 0 $aeng 135 $aurcn||||||||| 181 $ctxt 182 $cc 183 $acr 200 00$aAdvocacy and learning disability$b[electronic resource] /$fedited by Barry Gray and Robin Jackson 210 $aLondon $cJessica Kingsley$dc2002 215 $a255 p. $cill 300 $aBibliographic Level Mode of Issuance: Monograph 311 $a1-84985-399-1 311 $a1-85302-942-4 320 $aIncludes bibliographic references and index. 606 $aLearning disabled$vCase studies 606 $aLearning disabled$xServices for 606 $aLearning disabled$xSocial conditions$y20th century 606 $aSocial advocacy$vCase studies 606 $aSocial advocacy 615 0$aLearning disabled 615 0$aLearning disabled$xServices for. 615 0$aLearning disabled$xSocial conditions 615 0$aSocial advocacy 615 0$aSocial advocacy. 676 $a371.92 701 $aGray$b Barry$f1944-$01568549 701 $aJackson$b Robin$f1936-$01568550 801 0$bMiAaPQ 801 1$bMiAaPQ 801 2$bMiAaPQ 906 $aBOOK 912 $a9910780337903321 996 $aAdvocacy and learning disability$93840746 997 $aUNINA LEADER 01086nam--2200349---450 001 990000639740203316 005 20240610132112.0 035 $a0063974 035 $aUSA010063974 035 $a(ALEPH)000063974USA01 035 $a0063974 100 $a20010925d1985----km-y0itay0103----ba 101 $aeng 102 $aUS 105 $a||||||||001yy 200 1 $aArithmetic functions and integer products 210 $aNew York$cSpringer-Verlag$dc1985 215 $aXV, 461 p.$d23 cm 225 2 $a<> Grundlehren der Mathematischen Wissenschaften$v272 410 0$1001000316845$12001$a<> Grundlehren der Mathematischen Wissenschaften$v272 676 $a512.72 700 1$aELLIOTT,$bPeter D.T.A.$012030 801 0$aIT$bsalbc$gISBD 912 $a990000639740203316 951 $a510 GLM 272$b12705 CBS$c510$d00108870 959 $aBK 969 $aSCI 979 $aPATTY$b90$c20010925$lUSA01$h1455 979 $c20020403$lUSA01$h1713 979 $aPATRY$b90$c20040406$lUSA01$h1644 996 $aArithmetic functions and integer products$979726 997 $aUNISA